Philadelphia Movies by Picture - Statistics

General Stats
  • This quiz has been taken 312 times
  • The average score is 7 of 16
Answer Stats
Picture Answer % Correct
Rocky
99%
Shazam!
70%
The Sixth Sense
67%
Philadelphia
61%
Silver Linings Playbook
52%
World War Z
49%
Trading Places
48%
Uncut Gems
41%
12 Monkeys
40%
Unbreakable
35%
Witness
32%
Dawn of the Dead
31%
The Irishman
29%
Blow Out
14%
Clean and Sober
3%
Chuck
1%
No matching quizzes found
Score Distribution
Percent of People with Each Score
Percentile by Number Answered
Your Score History
You have not taken this quiz